Statistics for Tennis - Roger Federer

Click here to take the quiz!

General Stats

  • This quiz has been taken 1,678 times
    (973 since last reset)
  • The average score is 9 of 11

Answer Stats

HintAnswer% Correct
How many grand slam titles has Federer won?20
100%
Which Spanish legend does he share a famous rivalry with?Rafael Nadal
98%
How many Wimledon titles has Federer won?Eight
97%
What year was he born?1981
95%
In what year did he win his first and only French Open title?2009
94%
Who did Federer lose to in the London 2012 Olympics final?Andy Murray
93%
What year did Federer win his first ATP World Tour Finals Title?2003
91%
In which Swiss city was Federer born?Basel
80%
Who is Federer's wife?Mirka Vavrinec
78%
Who did Federer lose to in the semi-final of the 2018 Tour Finals?Alexander Zverev
68%
What is Federer's highest ever doubles ranking?24
52%

Score Distribution

Percentile by Number Answered

Percent of People with Each Score

Your Score History

You have not taken this quiz since the last reset